LEADER 01122nam a2200241 a 4500 001 000000129878 003 CaOOAMICUS 005 20120831141842.0 008 120831s2012 it frm z000 u ita r 040 $aPUL$bita 100 1 $aStrehar, Tomaz.$0(OLS)http://pul/name/83164 245 10$aConcezione della famiglia naturale nella tradizione giuridica degli stati europei/$cTomaz Strehar. 260 $aRoma :$bPontificia Universitą Lateranense,$c2012. 300 $a51 p.$c24 cm 502 $aEstratto da tesi -- Pontificia Universitas Lateranensis. Facultas Iuris Civilis, 2012. 504 $aBibliografia: p. 45-50. 710 2 $aPontificia Universitą Lateranense.$bFacoltą di diritto civile$kTesi.$0(OLS)http://pul/name/81778 850 $aPUL 852 $aPUL$W1$xDP1 Tesi Pon Univ. Lateranense$y41$m2012 D 13$j150332$qTesi$B148915$CPULBib$Z2$F148915 $82 941 1 $a16 996 $6245$aConcezione della famiglia naturale nella tradizione giuridica degli stati europei/$9(OLS)http://pul/title/164174 996 $6260$aRoma :$bPontificia Universitą Lateranense$9(OLS)http://pul/publisher/47963 LEADER 01080nam a2200265 u 4500 001 000000065908 003 CaOOAMICUS 005 20070226121521.0 008 011218s1987 vc u000 u ita u 035 $a10914563 040 $aPUL(R)$bita 245 00$aComunione e Comunitą /$cSebastiano Bovo ... [et al.]. 260 $aCittą del Vaticano :$bLibreria editrice vaticana,$cc1987. 300 $a335 p. ;$c20 cm 490 1 $aTeologia sapienziale ;$v4 504 $aBibliografia in nota. 650 4$aComunitą cristiana.$0(OLS)http://pul/subject/22746 700 1 $aBovo, Sebastiano.$0(OLS)http://pul/name/44265 830 0$aTeologia sapienziale ;$v4.$0(OLS)http://pul/title/45965 850 $aPUL 852 $aPUL$W1$xSL Religione 2$y84$mRH E3 25$j85255$nBK-PRI$b $qStampati altre collocazioni$B85255$CPULBib$Z2$F85255 $H $81 941 1 $a10 961 $aINV: 67477 996 $6245$aComunione e Comunitą$9(OLS)http://pul/title/87588 996 $6260$aCittą del Vaticano :$bLibreria editrice vaticana$9(OLS)http://pul/publisher/47920